ბათუმის შოთა რუსთაველის სახელმწიფო უნივერსიტეტის ბიბლიოთეკა

ნიცშეს ფილოსოფია ჩვენი გამოცდილების ჭრილში: ლექციების ციკლი "კამპუსში": სამი ლექცია (ბიბ.ჩანაწერი № 51583)

000 -LEADER
fixed length control field 01011nam a2200229Ia 4500
001 - CONTROL NUMBER
control field 18574
003 - CONTROL NUMBER IDENTIFIER
control field GE_BSU
008 - FIXED-LENGTH DATA ELEMENTS--GENERAL INFORMATION
fixed length control field 181216s||||||||xx |||||||||||||| ||und||
020 ## - INTERNATIONAL STANDARD BOOK NUMBER
International Standard Book Number 9789941250231
040 ## - CATALOGING SOURCE
Transcribing agency GE_BSU
080 ## - UNIVERSAL DECIMAL CLASSIFICATION NUMBER
Universal Decimal Classification number 1(042.4)
100 ## - MAIN ENTRY--PERSONAL NAME
Personal name ბრეგაძე, კონსტანტინე
245 ## - TITLE STATEMENT
Title ნიცშეს ფილოსოფია ჩვენი გამოცდილების ჭრილში: ლექციების ციკლი "კამპუსში": სამი ლექცია
245 ## - TITLE STATEMENT
Statement of responsibility, etc. რედაქტორი და იდეის ავტორი:ხუნდაძე, მიხეილ
260 ## - PUBLICATION, DISTRIBUTION, ETC.
Place of publication, distribution, etc. თბილისი
260 ## - PUBLICATION, DISTRIBUTION, ETC.
Name of publisher, distributor, etc. მერიდიანი
260 ## - PUBLICATION, DISTRIBUTION, ETC.
Date of publication, distribution, etc. 2016
300 ## - PHYSICAL DESCRIPTION
Extent 108 გვ,ილ.;15სმ.
653 ## - INDEX TERM--UNCONTROLLED
Uncontrolled term ნიცშეს ფილოსოფია ჩვენი გამოცდილების ჭრილში
653 ## - INDEX TERM--UNCONTROLLED
Uncontrolled term ფილოსოფია.
942 ## - ADDED ENTRY ELEMENTS (KOHA)
Koha item type წიგნი
ეგზემპლარები
Withdrawn status Lost status Damaged status Not for loan Date acquired Barcode Date last seen Price effective from Koha item type
        2018-12-17 48010 2018-12-17 2018-12-17 წიგნი